| 000 | 00885cam a2200289 4500 | ||
|---|---|---|---|
| 001 | 2713775 | ||
| 003 | ARRUPE | ||
| 005 | 20220517093746.0 | ||
| 008 | 691121s1969 enk b 000 0 eng | ||
| 010 | _a 76428387 | ||
| 015 | _aB69-18436 | ||
| 040 |
_aDLC _cDLC _dDLC |
||
| 050 | 0 | 0 |
_aD1060 _b.P498 |
| 082 | 0 | 0 | _a321/.02/094 |
| 100 | 1 |
_aPinder, John. _951608 |
|
| 245 | 1 | 0 |
_aEurope after De Gaulle: _btowards the United States of Europe _c[by] John Pinder and Roy Pryce. |
| 260 |
_aHarmondsworth, _bPenguin, _c1969. |
||
| 300 |
_a191 p. _c18 cm. |
||
| 350 | _a6/- | ||
| 490 | 0 | _aPenguin special | |
| 504 | _aBibliographical footnotes. | ||
| 650 | 0 |
_aEuropean federation. _923515 |
|
| 651 | 0 |
_aEurope _xPolitics and government _y1945- _951609 |
|
| 700 | 1 |
_aPryce, Roy, _ejoint author. _951610 |
|
| 906 |
_a7 _bcbc _corignew _du _encip _f19 _gy-gencatlg |
||
| 942 |
_2lcc _cMONOGRAPH |
||
| 999 |
_c131434 _d131434 |
||